000 01435nam a2200361Ia 4500
001 ebr10661649
003 CaPaEBR
006 m u
007 cr cn|||||||||
008 100125s2010 nyua sb 001 0 eng d
010 _z 2009054180
020 _z1608769607 (hardcover)
020 _z9781608769605 (hardcover)
020 _z9781611224979
040 _aCaPaEBR
_cCaPaEBR
035 _a(OCoLC)670430078
050 1 4 _aHM1101
_b.P75 2010eb
082 0 4 _a302/.12
_222
245 0 0 _aPsychology of risk perception
_h[electronic resource] /
_cJoana G. Lavino and Rasmus B. Neumann, editors.
260 _aNew York :
_bNova Science Publishers,
_cc2010.
300 _axiii, 203 p. :
_bill.
490 1 _aPsychology of emotions, motivations and actions series
504 _aIncludes bibliographical references and index.
533 _aElectronic reproduction.
_bPalo Alto, Calif. :
_cebrary,
_d2013.
_nAvailable via World Wide Web.
_nAccess may be limited to ebrary affiliated libraries.
650 0 _aRisk perception
_xSocial aspects.
650 0 _aRisk-taking (Psychology)
655 7 _aElectronic books.
_2local
700 1 _aLavino, Joana G.
700 1 _aNeumann, Rasmus B.
710 2 _aebrary, Inc.
830 0 _aPsychology of emotions, motivations, and actions series.
856 4 0 _uhttp://site.ebrary.com/lib/rucke/Doc?id=10661649
_zAn electronic book accessible through the World Wide Web; click to view
999 _c65878
_d65878